| 000 | 00346nam a2200145Ia 4500 | ||
|---|---|---|---|
| 008 | 230917s9999||||xx |||||||||||||| ||und|| | ||
| 040 |
_e100382 _aMAIN |
||
| 041 | _aEnglish | ||
| 082 | _a658 R18M | ||
| 100 | _aRao, V S P | ||
| 245 | 0 | _aManagement: Texts and cases | |
| 260 |
_aNew Delhi _bExcel Books _c2002 |
||
| 300 | _a966 p. | ||
| 942 | _cBK | ||
| 999 |
_c110751 _d110751 |
||